000 00868nam a22002297a 4500
999 _c61830
_d61830
005 20240522155306.0
008 240522s2002 enk||||| |||| 00| 0 eng d
020 _a9780443061509x
041 _aeng
080 _a618 B-29
245 _aBasic Science in Obstetrics and Gynaecology:
_bA Textbook for MRCOG Part 1 /
_cEdited by Geoffrey Chamberlain, Michael de Swiet, Phillip Bennett.
250 _a3rd Edition
264 _aEdinburgh :
_bChurchill Livingstone,
_c2002.
300 _a350 p.:
_bill.;
_c25 cm.
653 _a მეანობა
653 _aგინეკოლოგია
653 _aმედიცინა
700 _aChamberlain, Geoffrey
_eრედაქტორი
_922147
700 _aSwiet, Michael de
_eრედაქტორი
_922148
700 _aBennett, Phillip
_eრედაქტორი
_922149
942 _2udc
_cBK